<?xml version="1.0" encoding="UTF-8"?><?xml-stylesheet type="text/xsl" href="static/style.xsl"?><OAI-PMH xmlns="http://www.openarchives.org/OAI/2.0/" xmlns:xsi="http://www.w3.org/2001/XMLSchema-instance" xsi:schemaLocation="http://www.openarchives.org/OAI/2.0/ http://www.openarchives.org/OAI/2.0/OAI-PMH.xsd"><responseDate>2026-04-27T20:12:49Z</responseDate><request verb="GetRecord" identifier="oai:uvadoc.uva.es:10324/36574" metadataPrefix="marc">https://uvadoc.uva.es/oai/request</request><GetRecord><record><header><identifier>oai:uvadoc.uva.es:10324/36574</identifier><datestamp>2021-06-29T23:46:08Z</datestamp><setSpec>com_10324_38</setSpec><setSpec>col_10324_852</setSpec></header><metadata><record xmlns="http://www.loc.gov/MARC21/slim" xmlns:doc="http://www.lyncode.com/xoai" xmlns:xsi="http://www.w3.org/2001/XMLSchema-instance" xmlns:dcterms="http://purl.org/dc/terms/" xsi:schemaLocation="http://www.loc.gov/MARC21/slim http://www.loc.gov/standards/marcxml/schema/MARC21slim.xsd">
<leader>00925njm 22002777a 4500</leader>
<datafield tag="042" ind1=" " ind2=" ">
<subfield code="a">dc</subfield>
</datafield>
<datafield tag="720" ind1=" " ind2=" ">
<subfield code="a">Buceta Seijas, Rubén</subfield>
<subfield code="e">author</subfield>
</datafield>
<datafield tag="260" ind1=" " ind2=" ">
<subfield code="c">2019</subfield>
</datafield>
<datafield tag="520" ind1=" " ind2=" ">
<subfield code="a">En el presente trabajo fin de grado se realiza una propuesta didáctica para el tratamiento de los valores en Educación Infantil a través de la literatura. La Educación en Valores ha vivido un auge en los últimos años debido al reconocimiento de su importancia. De esta manera, su integración en el aula ha crecido y, con ella, las investigaciones y estudios acerca de cómo se debe incluir en las programaciones. A su vez, la literatura se presenta como un medio idílico para ello, especialmente en la etapa de Educación Infantil. Así, se lleva a cabo una intervención didáctica que tiene como fin comprobar la validez de unos cuentos de creación propia para trabajar determinados valores y se analizan los resultados y conclusiones.</subfield>
</datafield>
<datafield tag="024" ind2=" " ind1="8">
<subfield code="a">http://uvadoc.uva.es/handle/10324/36574</subfield>
</datafield>
<datafield tag="245" ind1="0" ind2="0">
<subfield code="a">Educación en valores a través de la literatura. Una propuesta didáctica para trabajar los valores mediante los cuentos</subfield>
</datafield>
</record></metadata></record></GetRecord></OAI-PMH>